Online
Catalog

Invivienda : (Record no. 15900)

MARC details
000 -CABECERA
campo de control de longitud fija 00786cas a2200205 a 4500
001 - NÚMERO DE CONTROL
campo de control 000016365
005 - FECHA Y HORA DE LA ÚLTIMA TRANSACCIÓN
campo de control 20200929164407.0
008 - DATOS DE LONGITUD FIJA--INFORMACIÓN GENERAL
campo de control de longitud fija 830624c19829999dr qr 0 b0spa
040 ## - FUENTE DE LA CATALOGACIÓN
Centro catalogador/agencia de origen DO-SdBNP
Centro/agencia transcriptor spa
043 ## - CÓDIGO DE ÁREA GEOGRÁFICA
Código de área geográfica nwdr---
245 00 - MENCIÓN DE TÍTULO
Título Invivienda :
Resto del título Órgano de difusión del Instituto Nacional de la Vivienda, INVI, República Dominicana.
260 ## - PUBLICACIÓN, DISTRIBUCIÓN, ETC.
Lugar de publicación, distribución, etc. [Santo Domingo] :
Nombre del editor, distribuidor, etc. Instituto Nacional de la Vivienda (INVI),
Fecha de publicación, distribución, etc. 1982-.
300 ## - DESCRIPCIÓN FÍSICA
Extensión v. :
Otras características físicas il. ;
Dimensiones 27 cm.
310 ## - PERIODICIDAD ACTUAL
Periodicidad actual Trimestral
362 0# - FECHAS DE PUBLICACIÓN Y/O DESIGNACIÓN SECUENCIAL
Fecha de publicación y/o designación secuencial Año 1. No.
500 ## - NOTA GENERAL
Nota general Título tomado de cubierta
650 #4 - PUNTO DE ACCESO ADICIONAL DE MATERIA--TÉRMINO DE MATERIA
Término de materia o nombre geográfico como elemento de entrada Viviendas
Subdivisión geográfica República Dominicana
Subdivisión de forma PUBLICACIONES PERIÓDICAS
9 (RLIN) 36494
650 #4 - PUNTO DE ACCESO ADICIONAL DE MATERIA--TÉRMINO DE MATERIA
Término de materia o nombre geográfico como elemento de entrada Política de vivienda
Subdivisión geográfica República Dominicana
Subdivisión de forma PUBLICACIONES PERIÓDICAS
9 (RLIN) 36495
710 2# - PUNTO DE ACCESO ADICIONAL--NOMBRE DE ENTIDAD CORPORATIVA
Nombre de entidad corporativa o nombre de jurisdicción como elemento de entrada Instituto Nacional de la Vivienda
9 (RLIN) 36496

No items available.

Powered by Koha